Shaping the nation: report of the Planning Task Force. (Record no. 94056)

MARC details
000 -LEADER
fixed length control field 00881cam a2200265 4500
008 - FIXED-LENGTH DATA ELEMENTS--GENERAL INFORMATION
fixed length control field 090401t1992 xxu||||| |||| 00| 0 eng d
020 ## - INTERNATIONAL STANDARD BOOK NUMBER
International Standard Book Number 085201368X
035 ## - SYSTEM CONTROL NUMBER
System control number (Sirsi) u58335
041 ## - LANGUAGE CODE
Language code of text/sound track or separate title eng
050 ## - LIBRARY OF CONGRESS CALL NUMBER
Classification number 711
110 ## - MAIN ENTRY--CORPORATE NAME
Corporate name or jurisdiction name as entry element Confederation of British Industry
9 (RLIN) 414
245 ## - TITLE STATEMENT
Title Shaping the nation: report of the Planning Task Force.
260 ## - PUBLICATION, DISTRIBUTION, ETC.
Place of publication, distribution, etc. London
Name of publisher, distributor, etc. CBI
Date of publication, distribution, etc. 1992
300 ## - PHYSICAL DESCRIPTION
Extent 55p. : ill. ; 30cm.
350 ## - PRICE (NR) (BK AM CF MU VM SE) [OBSOLETE]
Price 20
520 ## - SUMMARY, ETC.
Summary, etc. Task force set up by the CBI in collaboration with the RICS to analyse the challenges facing the planning system and to make proposals for improving its effectiveness.
650 ## - SUBJECT ADDED ENTRY--TOPICAL TERM
Topical term or geographic name entry element BUSINESS
650 ## - SUBJECT ADDED ENTRY--TOPICAL TERM
Topical term or geographic name entry element PLANNING CONTROL
650 ## - SUBJECT ADDED ENTRY--TOPICAL TERM
Topical term or geographic name entry element PLANNING SYSTEM
650 ## - SUBJECT ADDED ENTRY--TOPICAL TERM
Topical term or geographic name entry element PLANNING TASK FORCE
690 ## - LOCAL SUBJECT ADDED ENTRY--TOPICAL TERM (OCLC, RLIN)
Topical term or geographic name as entry element PLANNING LAW AND PRACTICE
710 ## - ADDED ENTRY--CORPORATE NAME
Corporate name or jurisdiction name as entry element Royal Institution of Chartered Surveyors
9 (RLIN) 4900
942 ## - ADDED ENTRY ELEMENTS (KOHA)
Suppress in OPAC 0
948 ## - LOCAL PROCESSING INFORMATION (OCLC); SERIES PART DESIGNATOR (RLIN)
c (OCLC) 04/03/1997
Holdings
Withdrawn status Lost status Source of classification or shelving scheme Damaged status Not for loan Home library Current library Shelving location Date acquired Cost, normal purchase price Total Checkouts Full call number Barcode Date last seen Copy number Cost, replacement price Price effective from Koha item type
    Dewey Decimal Classification     London London RICS Boxes 16/11/1992 20.00   RICS 1992/95 30037475 06/08/2019 1 20.00 06/08/2019 Archive
    Dewey Decimal Classification     London London RICS Boxes 11/04/2005     RICS 1992/95 30070388 06/08/2019 2   06/08/2019 Reference material